| 000 | 00445nam a2200157Ia 4500 | ||
|---|---|---|---|
| 005 | 20250305053304.0 | ||
| 008 | 240331s9999 xx 000 0 und d | ||
| 082 |
_bTHA _a954 |
||
| 100 | _aThapar, R | ||
| 245 | 0 |
_aCommunalism and the Historical Legacy : _bJathibedawadaya ha indeeya ithihasaya liweema |
|
| 260 |
_aColombo _bSocial Scientists Association _c1991 |
||
| 300 | _a20 p ., | ||
| 650 | _aCommunalism | ||
| 650 | _aHistory | ||
| 942 | _cL | ||
| 999 |
_c3556 _d3556 |
||